La voragine / (Record no. 100841)

MARC details
000 -CABECERA
campo de control de longitud fija 00566nam a2200193 a 4500
005 - FECHA Y HORA DE LA ÚLTIMA TRANSACCIÓN
campo de control 20220905063542.0
008 - ELEMENTOS DE LONGITUD FIJA--INFORMACIÓN GENERAL
campo de control de longitud fija 991125s19711984mx 000 0 spa u
020 ## - NÚMERO INTERNACIONAL NORMALIZADO PARA LIBROS
Número Internacional Estándar del Libro 9684321317
035 ## - NÚMERO DE CONTROL DEL SISTEMA
Número de control de sistema UPN01000128664
049 ## - COLECCIÓN
Colección CG
050 #4 - SIGNATURA TOPOGRÁFICA DE LA BIBLIOTECA DEL CONGRESO
Número de clasificación PQ8179 R5
Número de documento/Ítem V6.7a
100 1# - ASIENTO PRINCIPAL--NOMBRE PERSONAL
Nombre de persona Rivera, José Eustasio,
Fechas asociadas al nombre 1889-1928
245 13 - MENCIÓN DE TÍTULO
Título La voragine /
Mención de responsabilidad, etc. José Eustasio Rivera ; pról. Cristina Barros Stivalet.
260 ## - PUBLICACIÓN, DISTRIBUCIÓN, ETC.
Lugar de publicación, distribución, etc. México :
Nombre del editor, distribuidor, etc. Porrúa,
Fecha de publicación, distribución, etc. 1971 (1984 impr.).
300 ## - DESCRIPCIÓN FÍSICA
Extensión 157 p.
440 #0 - MENCIÓN DE SERIE/ASIENTO SECUNDARIO--TÍTULO
Título Sepan cuantos ;
Designación de volumen o secuencia 172
650 #0 - ASIENTO SECUNDARIO DE MATERIA - TERMINO TEMATICO
Término de materia o nombre geográfico como elemento de entrada Novela colombiana
9 (RLIN) 5359
905 ## - TIPO DE MATERIAL
Tipo de material Libro
Holdings
Estado de retiro Estado de pérdida Fuente del sistema de clasificación o colocación Estado dañado No para préstamo Código de colección Localización permanente Ubicación/localización actual Ubicación en estantería Total de préstamos Clasificación Código de barras Fecha visto por última vez Número de copia Tipo de ítem Koha
    Library of Congress Classification     Colección General Bib. Gregorio Torres Quintero Bib. Gregorio Torres Quintero Planta baja   PQ8179 R5 V6.7a 65484 31/12/2020 1 Libro